Planeación y programas, organización y métodos [del Instituto Mexicano del Seguro Social] : noviembre-diciembre 1976 /

Guardado en:
Bibliografiske detaljer
Format: Bog
Sprog:spansk
Fag:
Tags: Tilføj Tag
Ingen Tags, Vær først til at tagge denne postø!

MARC

LEADER 00000nam^a2200000^a^4500
001 000132826
005 20250521000000.0
009 20260310095111.95
037 |a Acervo ITESO - Biblioteca 
041 |a ESP 
082 |a 614. 00972  |b MEX IMSS PLA V. 2 T. 6 
240 1 1 |a [Planeación y programas, organización y métodos] 
245 0 0 |a Planeación y programas, organización y métodos [del Instituto Mexicano del Seguro Social] :  |b noviembre-diciembre 1976 / 
264 |a México :  |b Instituto Mexicano del Seguro Social,  |c 1976 
300 |a 73 p. 
336 |a texto  |b txt  |2 rdacontenido 
337 |a sin mediación  |b n  |2 rdamedio 
338 |a volumen  |b nc  |2 rdasoporte 
649 |a XX 
650 |a Instituto Mexicano del Seguro Social -  |x Publicaciones Periódicas 
650 |a Instituto Mexicano del Seguro Social -  |x Administración 
650 |a Seguridad Social -  |z México -  |x Administración 
650 |a Servicios Médicos y de Salud -  |z México -  |x Administración 
650 |a Salud Pública -  |z México -  |x Administración 
650 |a Bases de Datos -  |x Administración 
650 |a Proceso de Datos 
650 |a Inflación 
650 |a Contabilidad 
650 |a Recursos Humanos 
650 |a Desarrollo Económico-Social 
650 |a Desarrollo Económico-Social 
650 |a Política Demográfica 
650 |a Administración Pública -  |z México 
910 |a Fondo Salvador Reynoso Reynoso 
920 |a Impresos - Libros 
930 |a Fondos Especiales 
905 |a 112 
901 |a 0800012585  |b IT2  |c ESP  |u 20250521 
902 |a https://opac.biblio.iteso.mx/vufind/Record/000132826